| 000 | 01217nam2a22002651 4500 | ||
|---|---|---|---|
| 001 | rc\196945 | ||
| 005 | 20250612175339.0 | ||
| 010 | _a5-300-01382-X | ||
| 035 | _a(NLR Aleph) 008764920 | ||
| 090 |
_a7888153 _c7888153 |
||
| 100 | _a20030307d1997 |||y0rusy50 ca | ||
| 101 | 0 | _arus | |
| 102 | _aRU | ||
| 105 | _ay ||||||||| | ||
| 200 | 1 |
_aВеликая княгиня _e[Роман _fПер. с нем. Ю. Сенчурова] |
|
| 210 |
_d1997 _aБ. м. |
||
| 215 | _a430 с. | ||
| 300 | _aНа обл. только авт. и част. загл. тома | ||
| 300 | _aВ аннот. подлин. имя авт.: Оскар Мединг | ||
| 461 | 0 |
_1001rc\196943 _12001#$aСобрание сочинений$eВ 7 т.$e[Пер. с нем.]$fГрегор Самаров$g[Сост. Ю. Сенчуров$gВступ. ст. В. Сергановой]$vТ. 2 _1700#1$aСамаров$bГ.$gГрегор$f1829-1903 _97928320 _aСамаров, Г. (1829-1903) _cМ. _d1997 _fГрегор Самаров _nТЕРРА _oВ 7 т. : [Пер. с нем.] _tСобрание сочинений _y5300012556 _vТ. 2 |
|
| 801 | 0 |
_aRU _bNLR _gpsbo |
|
| 801 | 1 |
_aRU _bELAR _2rusmarc |
|
| 852 |
_aNLR _j97-5/3412 |
||
| 942 | _cBOOK | ||
| 980 | _aNB | ||